National Journal of Technology (Record no. 10068)

MARC details
000 -LEADER
fixed length control field 00446nam a22001217a 4500
003 - CONTROL NUMBER IDENTIFIER
control field OSt
008 - FIXED-LENGTH DATA ELEMENTS--GENERAL INFORMATION
fixed length control field 201218b ||||| |||| 00| 0 eng d
245 ## - TITLE STATEMENT
Title National Journal of Technology
250 ## - EDITION STATEMENT
Edition statement 2017(Mar Vol.13 No.1) 2018(Jun Vol.14 No.2) 2017(Jun Vol.13 No.2, Sep Vol.13 No.3, Dec Vol.13 No.4)
260 ## - PUBLICATION, DISTRIBUTION, ETC. (IMPRINT)
Place of publication, distribution, etc Coimbatore, Tamil Nadu
Name of publisher, distributor, etc PSG College of Technology and Polytechnic College
650 ## - SUBJECT ADDED ENTRY--TOPICAL TERM
Topical term or geographic name as entry element Computer Science Engineering
942 ## - ADDED ENTRY ELEMENTS (KOHA)
Source of classification or shelving scheme Dewey Decimal Classification
Koha item type BOUND VOLUME
Holdings
Withdrawn status Lost status Source of classification or shelving scheme Materials specified (bound volume or other part) Damaged status Not for loan Collection code Home library Current library Date acquired Source of acquisition Serial Enumeration / chronologySerial Enumeration / Volume No. Total Checkouts Acc. no. / Barcode Date last seen Bill Date Koha item type
    Dewey Decimal Classification Bound Volume   Not For Loan B.Tech(CSE) PIET C-LIBRARY PIET C-LIBRARY 21/12/2020 PSG College of Technology and Polytechnic College 2017(Mar Vol.13 No.1) 2018(Jun Vol.14 No.2) 2017(Jun Vol.13 No.2, Sep Vol.13 No.3, Dec Vol.13 No.4)   BV808 21/12/2020 09/01/2017 BOUND VOLUME

Design & Developed by: PIET Central Library
R70 Miles Stone Pattikalyana Samalkha Panipat 132102
mail ID :- [email protected], Phone No:- 0180-2569700 Ex.216